Il Prencipe Di Nicolo Machiavelli, La Vita di Castruccio Castracani, Il modo Che Tenne Il Duca Valentino, I Ritratti Delle Cose

Detalles Bibliográficos
Formato: eBook
Lenguaje:italiano
Publicado: Ciudad de Mx̌ico: Biblioteca "Lic. Emilio Portes Gil", 1920
Materias:
Acceso en línea:Acceso restringido

MARC

LEADER 00000nam a22000007a 4500
005 2018041303303.0
007 cr|||| ||||
008 180413s1920 mx |||||s|||| 00||0 ita d
035 |a 21371 
040 |a vLex 
090 |c 7739  |d 7739 
245 0 2 |a Il Prencipe Di Nicolo Machiavelli, La Vita di Castruccio Castracani, Il modo Che Tenne Il Duca Valentino, I Ritratti Delle Cose  |h [Recurso electrn̤ico] / 
256 |a Servicio en ln̕ea 
260 |a Ciudad de Mx̌ico:  |b Biblioteca "Lic. Emilio Portes Gil",  |c 1920 
300 |a 1 recurso electrn̤ico 
506 1 |a Disponible solo en los productos indicados  |d vLex Global  |d vLex Global (Academic Edition, excluding Law Schools)  |d vLex Global (U.S. Academic Edition, Law Schools)  |d vLex Global (U.S. Academic Edition, excluding Law Schools)  |d vLex Global (Academic Edition, Law Schools) 
650 0 4 |a Humanidades  |z Mx̌ico 
740 0 |a vLex Libros (Servicio en ln̕ea) 
856 4 0 |u http://vlex.com/source/21371  |z Acceso restringido 
942 |c BOOK 
999 0 |a Humanities